000 00281nam a22001337a 4500
008 170225b xxu||||| |||| 00| 0 eng d
020 _a0781722543
041 _aeng
080 _23RD
_a617
100 _a5
101 _aSHK
245 _aSURGERY
_cGREENFIELD, L.J
942 _2udc
_cBK
999 _c6247
_d6247